Uplatnenie manažmentu výkonnosti na Slovensku

Výkonnosť a ukazovatele výkonnosti, ktoré sledujú slovenské priemyselné podniky. Postoje priemyselných podnikov k využívaniu a uplatňovaniu manažérskych nástrojov výkonnosti a oblasti, v ktorých sa výkonnosť sleduje v slovenských podnikoch najčastejšie. Analýza bariér v používaní nových nástrojov a...

Ausführliche Beschreibung

Gespeichert in:
Bibliographische Detailangaben
1. Verfasser: Teplická, Katarína
Format: Buchkapitel
Sprache:Slowakisch
Schlagworte:
Tags: Tag hinzufügen
Keine Tags, Fügen Sie das erste Tag hinzu!

MARC

LEADER 00000nla a2200000 4500
001 0225784
005 20240417075110.2
041 0 |a slo 
044 |a SK 
245 1 0 |a Uplatnenie manažmentu výkonnosti na Slovensku  |c Katarína Teplická 
520 |a Výkonnosť a ukazovatele výkonnosti, ktoré sledujú slovenské priemyselné podniky. Postoje priemyselných podnikov k využívaniu a uplatňovaniu manažérskych nástrojov výkonnosti a oblasti, v ktorých sa výkonnosť sleduje v slovenských podnikoch najčastejšie. Analýza bariér v používaní nových nástrojov a postoje slovenských podnikov k finančným ukazovateľom. 
610 2 0 |a výkonnosť 
100 1 |a Teplická, Katarína